<?xml version="1.0" encoding="UTF-8"?>
<record
    xmlns:xsi="http://www.w3.org/2001/XMLSchema-instance"
    xsi:schemaLocation="http://www.loc.gov/MARC21/slim http://www.loc.gov/standards/marcxml/schema/MARC21slim.xsd"
    xmlns="http://www.loc.gov/MARC21/slim">

  <leader>08367nam a2200601Ii 4500</leader>
  <controlfield tag="001">DIGRENAC0154</controlfield>
  <controlfield tag="003">NyNyDIG</controlfield>
  <controlfield tag="008">200410t20182016sp      ob    000 0 spa d</controlfield>
  <controlfield tag="006">m     o  d        </controlfield>
  <controlfield tag="007">cr |||||||||||</controlfield>
  <datafield tag="035" ind1=" " ind2=" ">
    <subfield code="a">(OCoLC)1150062258</subfield>
  </datafield>
  <datafield tag="040" ind1=" " ind2=" ">
    <subfield code="a">DGITA</subfield>
    <subfield code="b">eng</subfield>
    <subfield code="e">rda</subfield>
    <subfield code="e">pn</subfield>
    <subfield code="c">DGITA</subfield>
  </datafield>
  <datafield tag="020" ind1=" " ind2=" ">
    <subfield code="a">9788417266790</subfield>
    <subfield code="q">(eBook ;</subfield>
    <subfield code="q">pdf)</subfield>
  </datafield>
  <datafield tag="020" ind1=" " ind2=" ">
    <subfield code="a">8417266798</subfield>
    <subfield code="q">(eBook ;</subfield>
    <subfield code="q">pdf)</subfield>
  </datafield>
  <datafield tag="020" ind1=" " ind2=" ">
    <subfield code="z">9788416685295</subfield>
  </datafield>
  <datafield tag="020" ind1=" " ind2=" ">
    <subfield code="z">8416685290</subfield>
  </datafield>
  <datafield tag="050" ind1="1" ind2="4">
    <subfield code="a">PQ6046.V56 ebook</subfield>
  </datafield>
  <datafield tag="082" ind1="0" ind2="4">
    <subfield code="a">860.93552</subfield>
  </datafield>
  <datafield tag="245" ind1="0" ind2="0">
    <subfield code="a">Tu&#xE9;rcele el cuello al cisne :</subfield>
    <subfield code="b">las expresiones de la violencia en la literatura hisp&#xE1;nica contempor&#xE1;nea (siglos XX y XXI) /</subfield>
    <subfield code="c">editores, Crist&#xF3;bal Jos&#xE9; &#xC1;lvarez L&#xF3;pez, Juan Manuel Carmona Tierno, Ana Davis Gonz&#xE1;lez, Sara Gonz&#xE1;lez &#xC1;ngel, Mar&#xED;a del Rosario Mart&#xED;nez Navarro, Marta Rodr&#xED;guez-Manzano ; Guadalupe Nieto Caballero [and 54 others].</subfield>
  </datafield>
  <datafield tag="264" ind1=" " ind2="1">
    <subfield code="a">Sevilla  :</subfield>
    <subfield code="b">Renacimiento,</subfield>
    <subfield code="c">[2018]</subfield>
  </datafield>
  <datafield tag="264" ind1=" " ind2="4">
    <subfield code="c">&#xA9;2016</subfield>
  </datafield>
  <datafield tag="300" ind1=" " ind2=" ">
    <subfield code="a">1 online resource.</subfield>
  </datafield>
  <datafield tag="336" ind1=" " ind2=" ">
    <subfield code="a">text</subfield>
    <subfield code="b">txt</subfield>
    <subfield code="2">rdacontent</subfield>
  </datafield>
  <datafield tag="337" ind1=" " ind2=" ">
    <subfield code="a">computer</subfield>
    <subfield code="b">c</subfield>
    <subfield code="2">rdamedia</subfield>
  </datafield>
  <datafield tag="338" ind1=" " ind2=" ">
    <subfield code="a">online resource</subfield>
    <subfield code="b">cr</subfield>
    <subfield code="2">rdacarrier</subfield>
  </datafield>
  <datafield tag="347" ind1=" " ind2=" ">
    <subfield code="a">text file</subfield>
    <subfield code="2">rdaft</subfield>
  </datafield>
  <datafield tag="347" ind1=" " ind2=" ">
    <subfield code="b">PDF</subfield>
  </datafield>
  <datafield tag="490" ind1="1" ind2=" ">
    <subfield code="a">Iluminaciones ;</subfield>
    <subfield code="v">108</subfield>
  </datafield>
  <datafield tag="500" ind1=" " ind2=" ">
    <subfield code="a">Proceedings of the conference held in Seville, Spain, April 15-17, 2015</subfield>
  </datafield>
  <datafield tag="504" ind1=" " ind2=" ">
    <subfield code="a">Includes bibliographical references.</subfield>
  </datafield>
  <datafield tag="505" ind1="0" ind2=" ">
    <subfield code="a">El componente violento en la prosa de Francisco Vald&#xE9;s / Guadalupe Nieto Caballero -- La mancha violenta de La Espa&#xF1;a negra: de mostrar el monstruo / &#xC1;lvaro L&#xF3;pez Fern&#xE1;ndez y Manuela Partearroyo -- El expresionismo de La Espa&#xF1;a negra: violencia y Unheimlich en la literatura de Guti&#xE9;rrez-Solana / &#xC1;lvaro Luque Amo -- &#xBF;Hab&#xED;amos olvidado el mal?: Unamuno, m&#xED;mesis y modernidad / Francisco de Jes&#xFA;s &#xC1;ngeles Cer&#xF3;n -- La I Guerra Mundial en Canarias / David Loyola L&#xF3;pez -- El disparate de calmar la muerte: violencia y risa en Ram&#xF3;n G&#xF3;mez de la Serna / Laura Pache Carballo -- Manifestaciones de la violencia en Platero y you / Tibisay L&#xF3;pez Garc&#xED;a -- &#xD3;pera, circo y ballet: en torno al bosque mortal de As&#xED; que pasen cinco a&#xF1;os / Alba Agraz Ortiz -- "El lento asesinato": violencia y crimen en la etapa surrealista de Rafael Alberti / Marina Casado Hern&#xE1;ndez -- Funciones del lenguaje escatol&#xF3;gico en El burro explosivo de Rafael Alberti / Alberto Maffini -- De las Ordenanzas (1515) de la alberca a la Tierra sin pan (1933) de Bu&#xF1;uel: breve historia cultural de la dominaci&#xF3;n de Las Hurdes / David Mat&#xED;as -- Silencio y rebeld&#xED;a: la mujer paraguaya en la obra de Josefina Pl&#xE1; / Yasmina Yousfi L&#xF3;pez -- Una semana de violencia: la tragedia argentina de 1919 en "Una semana de hogorio" de Arturo Cancela / Ana Davis Gonz&#xE1;lez -- El delincuente tanguero: una figura borgeana y argentina / St&#xE9;phanie Hontang -- M&#xFA;scia, narraci&#xF3;, violencia, sexo y mito en un cuento de Cort&#xE1;zar: el rito orgi&#xE1;stico antropof&#xE1;gico de "Las m&#xE9;nades" / Mar&#xED;a Fern&#xE1;ndez Abril -- Soldado, guerrillero y finalmente bandido: elecci&#xF3;n de la delincuencia en el cuento "La muerte de Pedro Canales: / Eliana Urrego Arango --Las guerras de nuestros antepasados: Miguel Delibes y el cainismo espa&#xF1;ol / Jessica C&#xE1;liz Montes -- El supervivente: atrocidades de la Guerra Civil / Hayet Belhmaied -- Y la violencia se hizo carne: Sa&#xFA;l ante Samuel de Juan Benet a la luz del cainismo / Carmen Mar&#xED;a L&#xF3;pez L&#xF3;pez -- Tres expresiones de la violencia en Garc&#xED;a M&#xE1;rquez / Carlos Yannuzzi Revetria -- La muerte: ficci&#xF3;n, iron&#xED;a, p&#xE9;same y verdad: las facetas del adi&#xF3;s en obras de Gabriel Garc&#xED;a M&#xE1;rquez / Isabel Abell&#xE1;n Chuecos -- Muestras de violencia a trav&#xE9;s de los personajes femeninos del teatro de Max Aub / Esther L&#xE1;zaro -- Lo grotesco en "Chac mool" de Carlos Fuentes: vestigios prehisp&#xE1;nicos de la violenta conquista cultural de M&#xE9;xico / Jorge Luis Herrera -- El ni&#xF1;o es un lobo para el ni&#xF1;o, o de la vida como crueldad: Duelo en el para&#xED;so de Juan Goytisolo / Catalina Badea --Juan Goytisolo y el monstruo del Sentier: representaciones grotescas del yo / Diana Checa Vaquero -- Lamborghini a la luz de Literal: el fiord o la sodomizaci&#xF3;n del sentido / Milagros Arano Lean -- Hacia una tipolog&#xED;a de la violencia en Mario Levrero / Alba Diz Villanueva -- La "ciudad de cemento" de Jorge Boccanera en Palma real / Mar&#xED;a del Carmen Caballero Dorado -- El "ciclo pampeano" de C&#xE9;sar Aira: una revisi&#xF3;n del t&#xF3;pico civilizaci&#xF3;n-barbarie / Luc&#xED;a Lude&#xF1;a Aranda -- Escenas de violencia dantesca en El s&#xE9;ptimo c&#xED;rculo de Daniel Gallegos / Carlota Cattermole Ord&#xF3;&#xF1;ez -- El lenguaje transgresor en "Vida ejemplar del esclavo el se&#xF1;or" de Manuel Ramos Otero / Zaira Pacheco Lozada -- Violencia simb&#xF3;lica en la narrativa de Juan Farias: Bourdieu en Los peque&#xF1;os nazis del 43 / Iago Mosquera Gonz&#xE1;lez -- Espacios de violencia en la posmodernidad peninsular: El jard&#xED; dels set crepuscules de Miquel de Palol / Chiara Giordano -- Ajuste de cuentas: bajos fondos y violencia en El triunfo de Francisco Casavella / David Garc&#xED;a Ponce -- La violencia como forma y como contenido para un discurso po&#xE9;tico posmoderno de la crueldad en Historias del Kronen / V&#xED;ctor Mercado -- Notas sobre la "violencia did&#xE1;ctica" en la saga Las aventuras del capit&#xE1;n Alatriste / David Avil&#xE9;s Hidalgo -- La literatura como instrumento para la cr&#xED;tica social: an&#xE1;lisis de la violenciacontra el var&#xF3;n reflejado en la novela La conversaci&#xF3;n (2002), de Mercedes Salisachs / Andr&#xE9;s Montaner Bueno y Mari Cruz Palomares Mar&#xED;n -- Me dedicaba a salvar vidas": la autojustificaci&#xF3;n moral como t&#xE9;cnica narrativa en Los pr&#xED;ncipes nubios (2003), de Juan Bonilla / Jorge Gonz&#xE1;lez Jurado --Perspectivas literarias en torno a la relaci&#xF3;n entre madres e hijas: 'Loco con cuchillo" de Espido Freire o c&#xF3;mo matar a tu madre frente al espejo / Samuel Rodr&#xED;guez -- Actos de violencia en La ciudad en invierno, de Elvira Navarro / Lorena Castilla Torrecillas -- Lidiar con el pasado familiar: posmemoria y trauma en El boxeador polaco de Eduardo Halfon / Mar&#xED;a Teresa Laorden Albendea -- Escritura violentada: "La pasi&#xF3;n de multitudes", de Rodrigo Fres&#xE1;n -- Historia y violencia en el Vano ayer de Isaac Rosa / Lara Caride -- La c&#xF3;lera subterr&#xE1;nea o la terrible violencia en El camino de la ida de Ricardo Piglia / Raquel Fern&#xE1;ndez Cobo -- Los agentes de la violencia de la Espa&#xF1;a contempor&#xE1;nea en las novelas de Andr&#xE9;s Trapiello / Mar&#xED;a del Mar Fuentes Ch&#xE1;vez -- La casa verde: un escenario de violencia y prostituci&#xF3;n en el Per&#xFA; contempor&#xE1;neo / Irene R&#xED;o Barrial --El humor y la guerra: un an&#xE1;lisis comparativo de Picnic, de Fernando Arrabal, y el mon&#xF3;logo de Gila / F&#xE9;lix Caballero Wang&#xFC;emert -- Boris Gudunov de La Fura del Baus: violencia sobre violencia / Roberto &#xC1;lvarez Escudero y Marta Olivas Fuentes -- Po&#xE9;ticas teatrales de la violencia: la ruptura del pacto esc&#xE9;nico en Ang&#xE9;lica Liddell y Rodrigo Garc&#xED;a / Mario de la Torre Espinosa -- El teatro breve actual como revulsivo en la lucha contra la violencia de g&#xE9;nero: en torno a la figura de Jes&#xFA;s Campos Garc&#xED;a / Ruth Mar&#xED;a Guti&#xE9;rrez &#xC1;lvar.</subfield>
  </datafield>
  <datafield tag="588" ind1="0" ind2=" ">
    <subfield code="a">Online resource; title from PDF title page (Digitalia, viewed July 10, 2019)</subfield>
  </datafield>
  <datafield tag="650" ind1=" " ind2="0">
    <subfield code="a">Violence in literature.</subfield>
  </datafield>
  <datafield tag="650" ind1=" " ind2="0">
    <subfield code="a">Spanish literature</subfield>
    <subfield code="y">20th century</subfield>
    <subfield code="x">History and criticism.</subfield>
  </datafield>
  <datafield tag="650" ind1=" " ind2="0">
    <subfield code="a">Spanish literature</subfield>
    <subfield code="y">21st century</subfield>
    <subfield code="x">History and criticism.</subfield>
  </datafield>
  <datafield tag="650" ind1=" " ind2="0">
    <subfield code="a">Spanish American literature</subfield>
    <subfield code="y">20th century</subfield>
    <subfield code="x">History and criticism.</subfield>
  </datafield>
  <datafield tag="650" ind1=" " ind2="0">
    <subfield code="a">Spanish American literature</subfield>
    <subfield code="y">21st century</subfield>
    <subfield code="x">History and criticism.</subfield>
  </datafield>
  <datafield tag="655" ind1=" " ind2="0">
    <subfield code="a">Electronic books.</subfield>
  </datafield>
  <datafield tag="700" ind1="1" ind2=" ">
    <subfield code="a">&#xC1;lvarez L&#xF3;pez, Crist&#xF3;bal Jos&#xE9;,</subfield>
    <subfield code="e">editor.</subfield>
  </datafield>
  <datafield tag="700" ind1="1" ind2=" ">
    <subfield code="a">Carmona Tierno, Juan Manuel,</subfield>
    <subfield code="e">editor.</subfield>
  </datafield>
  <datafield tag="700" ind1="1" ind2=" ">
    <subfield code="a">Davis Gonz&#xE1;lez, Ana,</subfield>
    <subfield code="e">editor.</subfield>
  </datafield>
  <datafield tag="700" ind1="1" ind2=" ">
    <subfield code="a">Gonz&#xE1;lez &#xC1;ngel, Sara,</subfield>
    <subfield code="e">editor.</subfield>
  </datafield>
  <datafield tag="700" ind1="1" ind2=" ">
    <subfield code="a">Mart&#xED;nez Navarro, Mar&#xED;a del Rosario,</subfield>
    <subfield code="e">editor.</subfield>
  </datafield>
  <datafield tag="700" ind1="1" ind2=" ">
    <subfield code="a">Rodr&#xED;guez-Manzano, Marta,</subfield>
    <subfield code="e">editor.</subfield>
  </datafield>
  <datafield tag="700" ind1="1" ind2=" ">
    <subfield code="a">Nieto Caballero, Guadalupe,</subfield>
    <subfield code="e">author.</subfield>
  </datafield>
  <datafield tag="791" ind1="2" ind2=" ">
    <subfield code="a">Digitalia (Firm),</subfield>
    <subfield code="e">distributor.</subfield>
  </datafield>
  <datafield tag="793" ind1="0" ind2=" ">
    <subfield code="g">Digitalia eBook Collection:</subfield>
    <subfield code="a">Editorial Renacimiento</subfield>
  </datafield>
  <datafield tag="776" ind1="0" ind2="8">
    <subfield code="i">Print version:</subfield>
    <subfield code="t">Tu&#xE9;rcele el cuello al cisne.</subfield>
    <subfield code="d">Sevilla : Renacimiento, 2016</subfield>
    <subfield code="z">9788416685295</subfield>
    <subfield code="w">(DLC)  2016450794</subfield>
    <subfield code="w">(OCoLC)957466194</subfield>
  </datafield>
  <datafield tag="830" ind1=" " ind2="0">
    <subfield code="a">Iluminaciones ;</subfield>
    <subfield code="v">108.</subfield>
  </datafield>
  <datafield tag="856" ind1="4" ind2="0">
    <subfield code="3">Digitalia Hisp&#xE1;nica</subfield>
    <subfield code="u">https://www.digitaliapublishing.com/a/56484/</subfield>
  </datafield>
  <datafield tag="910" ind1=" " ind2=" ">
    <subfield code="a">Premium collection: 2020</subfield>
  </datafield>
  <datafield tag="942" ind1=" " ind2=" ">
    <subfield code="c">RAA</subfield>
  </datafield>
  <datafield tag="952" ind1=" " ind2=" ">
    <subfield code="0">0</subfield>
    <subfield code="1">0</subfield>
    <subfield code="4">0</subfield>
    <subfield code="7">0</subfield>
    <subfield code="8">DEH</subfield>
    <subfield code="a">BD-UIN</subfield>
    <subfield code="b">BD-UIN</subfield>
    <subfield code="d">2025-04-25</subfield>
    <subfield code="l">0</subfield>
    <subfield code="r">2025-04-25</subfield>
    <subfield code="w">2025-04-25</subfield>
    <subfield code="y">RAA</subfield>
  </datafield>
  <datafield tag="999" ind1=" " ind2=" ">
    <subfield code="c">254875</subfield>
    <subfield code="d">254875</subfield>
  </datafield>
</record>
